000 01540nam a22002417a 4500
003 DO-SdBJH
005 20260303190256.0
008 260303b2025 |||d|||| |||| 00| 0 spa d
040 _aDO-SdBJH
_bspa
_cDO-SdBJH
041 0 _aspa
090 _aCT MA-SDN 0005
_bEGAEE 2025
100 1 _esustentante
_aGarcía González, Raquel Alejandra
245 1 0 _aImportancia de la planificación de una estrategia de seguridad nacional en República Dominicana :
_bperíodo 2026-2028 /
_cRaquel Alejandra García González ; asesor de contenido Luis Rafael Herrera Almonte ; asesor metodológico Kelvin Leandro Encarnación González.
260 _aSanto Domingo, República Dominicana :
_bUNADE,
_c2025.
300 _a77 páginas :
_bgráficas.
502 _aTesis y trabajos de grado (Maestría en Seguridad y Defensa)--Universidad Nacional para la Defensa "General Juan Pablo Duarte y Díez", Escuela de Graduados de Altos Estudios Estratégicos, 2025.
504 _aIncluye referencias bibliográficas, apéndices y anexos.
505 _aMedidas para la planificación de una estrategia de seguridad nacional con respeto a los derechos humanos -- Importancia de estrategias de seguridad nacional a través de políticas internacionales -- Evaluación del impacto de la estrategia de seguridad nacional.
650 _aSeguridad Nacional
_xPlanificación
_y2026-2028
_zRepública Dominicana
700 1 _easesor de contenido
_aHerrera Almonte, Luis Rafael
700 1 _easesor metodológico
_aEncarnación González, Kelvin Leandro
942 _2CL
_cT
999 _c8583
_d8583